=LDR 00000nam 2200000 4500 =001 INLIS000000000039309 =005 20130612144939 =008 ***********************************Ind** =035 ##$$0010-061300000039309 =041 ##$$a Ind =082 ##$$a 813 =090 ##$$a 813, Zal c =100 ##$$a Alia Zalea =245 ##$$a Celbrity Wedding, Alia Zalea =260 ##$$a 2011 $b Jakarta =300 ##$$a 325 hlm., 21 cm =850 ##$$a NBPNMAT